[Event "Schweinfurt op 29th"]
[Site "Schweinfurt"]
[Date "2019.06.23"]
[Round "7"]
[White "Memmel, Guenther"]
[Black "Althaus, Lennart"]
[Result "1/2-1/2"]
[WhiteElo "1865"]
[BlackElo "1549"]
[PlyCount "46"]
[EventDate "2019.06.20"]
[EventType "swiss"]
[EventRounds "7"]
[EventCountry "GER"]
[SourceTitle "CBM 191 Extra"]
[Source "ChessBase"]
[SourceDate "2019.09.30"]
[SourceVersion "1"]
[SourceVersionDate "2019.09.30"]
[SourceQuality "1"]

1. e4 d5 2. exd5 Qxd5 3. Nc3 Qa5 4. Nf3 Nf6 5. Be2 Bg4 6. 0-0 c6 7. d4 Nbd7 8. Ne5 Nxe5 9. dxe5 Bxe2 10. Qxe2 Nd5 11. Bd2 e6 12. Ne4 Qc7 13. c4 Nb6 14. c5 Nd5 15. Nd6+ Bxd6 16. exd6 Qd7 17. Qg4 0-0 18. b4 b6 19. a3 Rab8 20. Rab1 Rb7 21. Qe4 Rfb8 22. Rfe1 Nf6 23. Qd3 Nd5 1/2-1/2

[Event "Schweinfurt op 29th"]
[Site "Schweinfurt"]
[Date "2019.06.20"]
[Round "1"]
[White "Memmel, Guenther"]
[Black "Roess, Jonas"]
[Result "1-0"]
[WhiteElo "1865"]
[BlackElo "1478"]
[PlyCount "79"]
[EventDate "2019.06.20"]
[EventType "swiss"]
[EventRounds "7"]
[EventCountry "GER"]
[SourceTitle "CBM 191 Extra"]
[Source "ChessBase"]
[SourceDate "2019.09.30"]
[SourceVersion "1"]
[SourceVersionDate "2019.09.30"]
[SourceQuality "1"]

1. e4 c6 2. d4 d5 3. Nc3 dxe4 4. Nxe4 e5 5. dxe5 Qxd1+ 6. Kxd1 Bf5 7. Bd3 Bxe4 8. Bxe4 Nd7 9. Nf3 g6 10. Bf4 0-0-0 11. Ke2 f5 12. Bd3 Bg7 13. Rhe1 Nc5 14. Rad1 Na4 15. Ng5 Nxb2 16. Rb1 Nxd3 17. cxd3 Bh6 18. Nf7 Bxf4 19. Nxh8 Nh6 20. Kf3 Bg5 21. h4 Be7 22. Nxg6 hxg6 23. Rbd1 Bxh4 24. Rh1 Bg5 25. g3 Nf7 26. d4 c5 27. e6 Nh6 28. d5 Ng4 29. d6 Ne5+ 30. Ke2 Nd7 31. exd7+ Kxd7 32. Rh7+ Ke6 33. Rxb7 Rd7 34. Rxd7 Kxd7 35. Rd3 Bf6 36. Ra3 Kxd6 37. Rxa7 g5 38. Ra6+ Ke5 39. f4+ gxf4 40. gxf4+ 1-0

[Event "Unterfranken-ch69 Seniors"]
[Site "Schweinfurt"]
[Date "2018.04.03"]
[Round "2"]
[White "Lang, Stefan1111"]
[Black "Memmel, Guenther"]
[Result "1-0"]
[WhiteElo "2089"]
[BlackElo "1876"]
[PlyCount "77"]
[EventDate "2018.04.02"]
[EventType "swiss"]
[EventRounds "7"]
[EventCountry "GER"]
[SourceTitle "EXT 2019"]
[Source "ChessBase"]
[SourceDate "2018.10.10"]
[SourceVersion "1"]
[SourceVersionDate "2018.10.10"]
[SourceQuality "1"]

1. d4 Nf6 2. c4 e6 3. Nf3 Bb4+ 4. Bd2 Bxd2+ 5. Qxd2 d5 6. e3 Nbd7 7. Nc3 0-0 8. Be2 Ne4 9. Qc2 Ndf6 10. Rc1 c6 11. 0-0 Nxc3 12. Qxc3 Ne4 13. Qc2 Bd7 14. Bd3 f5 15. Ne5 Rc8 16. f3 Ng5 17. e4 fxe4 18. fxe4 Rxf1+ 19. Rxf1 dxe4 20. Bxe4 Be8 21. Qf2 Qe7 22. Bc2 c5 23. h4 Nf7 24. Nxf7 Bxf7 25. dxc5 Be8 26. b4 a5 27. a3 Bh5 28. Qf4 Rd8 29. Re1 Bf7 30. Re5 Qf6 31. Qg5 Rd4 32. Qxf6 gxf6 33. Re4 Rd2 34. Ba4 Ra2 35. Bd7 Rxa3 36. b5 Kf8 37. Bxe6 Be8 38. Bd5 Rd3 39. Bxb7 1-0

[Event "MVP-ch Seniors op 17th"]
[Site "Binz"]
[Date "2017.12.04"]
[Round "6.53"]
[White "Memmel, Guenther"]
[Black "Barlo, Werner"]
[Result "1/2-1/2"]
[WhiteElo "1847"]
[BlackElo "1732"]
[PlyCount "62"]
[EventDate "2017.11.29"]
[EventType "swiss"]
[EventRounds "9"]
[EventCountry "GER"]
[SourceTitle "EXT 2019"]
[Source "ChessBase"]
[SourceDate "2018.10.10"]
[SourceVersion "1"]
[SourceVersionDate "2018.10.10"]
[SourceQuality "1"]

1. e4 e6 2. d4 d5 3. Nd2 c5 4. exd5 Qxd5 5. Ngf3 cxd4 6. Bc4 Qd8 7. Nb3 Nc6 8. Nbxd4 Nxd4 9. Qxd4 Qxd4 10. Nxd4 a6 11. Be3 Nf6 12. f3 Bc5 13. Nb5 axb5 14. Bxb5+ Bd7 15. Bxd7+ Nxd7 16. Bxc5 Nxc5 17. a3 0-0 18. Ke2 Rfd8 19. Rhd1 Kf8 20. g4 Ke7 21. h4 g6 22. b3 Rxd1 23. Kxd1 Rd8+ 24. Ke2 f5 25. g5 Rd4 26. Rh1 Kf7 27. a4 e5 28. a5 e4 29. Ke3 Rb4 30. f4 b6 31. Ra1 bxa5 1/2-1/2

[Event "MVP-ch Seniors op 14th"]
[Site "Binz"]
[Date "2014.12.03"]
[Round "9"]
[White "Memmel, Guenther"]
[Black "Moews, Harald"]
[Result "1/2-1/2"]
[WhiteElo "1758"]
[BlackElo "1552"]
[PlyCount "46"]
[EventDate "2014.11.25"]
[EventType "swiss"]
[EventRounds "9"]
[EventCountry "GER"]
[SourceTitle "EXT 2016"]
[Source "ChessBase"]
[SourceDate "2015.10.08"]
[SourceVersion "1"]
[SourceVersionDate "2015.10.08"]
[SourceQuality "1"]

1. d4 e6 2. Nf3 d5 3. e3 a6 4. Bd3 f5 5. c4 c6 6. Nc3 Nf6 7. 0-0 Be7 8. Qe2 0-0 9. Ne5 Nbd7 10. f4 Nxe5 11. fxe5 Ne4 12. Qh5 g6 13. Qh3 h5 14. Ne2 Kg7 15. b3 Rh8 16. Bxe4 dxe4 17. Bb2 g5 18. g3 Bd7 19. d5 cxd5 20. cxd5 Bb5 21. Nd4 Kg6 22. Nxb5 g4 23. Qg2 axb5 1/2-1/2

[Event "MVP-ch Seniors op 14th"]
[Site "Binz"]
[Date "2014.11.28"]
[Round "4"]
[White "Mietz, Wolfgang"]
[Black "Memmel, Guenther"]
[Result "1/2-1/2"]
[WhiteElo "1585"]
[BlackElo "1758"]
[PlyCount "68"]
[EventDate "2014.11.25"]
[EventType "swiss"]
[EventRounds "9"]
[EventCountry "GER"]
[SourceTitle "EXT 2016"]
[Source "ChessBase"]
[SourceDate "2015.10.08"]
[SourceVersion "1"]
[SourceVersionDate "2015.10.08"]
[SourceQuality "1"]

1. d4 Nf6 2. c4 e6 3. Nc3 d5 4. Nf3 Be7 5. Bg5 Nbd7 6. e3 0-0 7. Rc1 b6 8. Be2 Bb7 9. 0-0 c5 10. h3 Rc8 11. Bf4 dxc4 12. Qa4 Bc6 13. Qxc4 cxd4 14. Qxd4 Nd5 15. Ba6 Bc5 16. Qd1 Ra8 17. Nxd5 Bxd5 18. a3 Nf6 19. Qe2 Ne4 20. Rfd1 Qe7 21. b4 Bd6 22. Bxd6 Nxd6 23. Ne5 f6 24. Nc6 Qd7 25. Nd4 Qe7 26. f3 f5 27. Nc6 Qf7 28. Ne5 Qe7 29. Rc3 Nf7 30. Nxf7 Rxf7 31. Rdc1 Bb7 32. Bd3 Rd8 33. Qc2 Qd6 34. Bc4 Bd5 1/2-1/2

[Event "Unterfranken-ch HB 63th"]
[Site "Schweinfurt"]
[Date "2012.04.13"]
[Round "8"]
[White "Falkenstein, Johannes"]
[Black "Memmel, Guenther"]
[Result "0-1"]
[WhiteElo "1523"]
[BlackElo "1811"]
[PlyCount "60"]
[EventDate "2012.04.09"]
[EventType "swiss"]
[EventRounds "9"]
[EventCountry "GER"]
[SourceTitle "EXT 2015"]
[Source "ChessBase"]
[SourceDate "2014.11.20"]
[SourceVersion "1"]
[SourceVersionDate "2014.11.20"]
[SourceQuality "1"]

1. d4 Nf6 2. Bf4 g6 3. e3 Bg7 4. Nf3 d6 5. Be2 Nbd7 6. 0-0 0-0 7. h3 c6 8. c4 Re8 9. Nc3 e5 10. Bh2 exd4 11. exd4 d5 12. c5 Ne4 13. Re1 f5 14. h4 Ndf6 15. Ne5 Nxc3 16. bxc3 Ne4 17. g3 Nxc3 18. Qd3 Ne4 19. f4 Qf6 20. Rab1 h6 21. Rb2 g5 22. Bh5 Re7 23. Ng6 Rc7 24. Kh1 Qxd4 25. Qxd4 Bxd4 26. Rbe2 g4 27. Kg2 Be6 28. Bg1 Bxg1 29. Kxg1 Bf7 30. Kg2 Kg7 0-1

[Event "Unterfranken-ch HB 63th"]
[Site "Schweinfurt"]
[Date "2012.04.11"]
[Round "4"]
[White "Memmel, Guenther"]
[Black "Link, Fabian"]
[Result "1/2-1/2"]
[WhiteElo "1811"]
[BlackElo "1670"]
[PlyCount "36"]
[EventDate "2012.04.09"]
[EventType "swiss"]
[EventRounds "9"]
[EventCountry "GER"]
[SourceTitle "EXT 2015"]
[Source "ChessBase"]
[SourceDate "2014.11.20"]
[SourceVersion "1"]
[SourceVersionDate "2014.11.20"]
[SourceQuality "1"]

1. e4 e6 2. d4 d5 3. Nd2 Nc6 4. Ngf3 Nf6 5. e5 Nd7 6. Nb3 a5 7. a4 b6 8. Bb5 Na7 9. Bd3 c5 10. Be2 Nc6 11. c3 cxd4 12. cxd4 Nb4 13. 0-0 Ba6 14. Bd2 Bc4 15. Bc3 Rc8 16. Nbd2 Bxe2 17. Qxe2 Nc6 18. Rac1 Be7 1/2-1/2

[Event "Schweinfurt op"]
[Site "Schweinfurt"]
[Date "2007.05.20"]
[Round "7"]
[White "Memmel, Guenther"]
[Black "Heerlein, Gerd"]
[Result "1/2-1/2"]
[WhiteElo "1886"]
[BlackElo "1714"]
[PlyCount "21"]
[EventDate "2007.05.17"]
[EventType "swiss"]
[EventRounds "7"]
[EventCountry "GER"]
[SourceTitle "CBM 118 Extra"]
[Source "ChessBase"]
[SourceDate "2007.07.04"]
[SourceVersion "1"]
[SourceVersionDate "2007.07.04"]
[SourceQuality "1"]

1. e4 d6 2. d4 Nf6 3. Nc3 g6 4. f4 Bg7 5. Nf3 0-0 6. Be2 c5 7. d5 Bg4 8. 0-0 Nbd7 9. h3 Bxf3 10. Bxf3 a5 11. a4 1/2-1/2

[Event "Schweinfurt op"]
[Site "Schweinfurt"]
[Date "2007.05.17"]
[Round "2"]
[White "Seidens, Gunter"]
[Black "Memmel, Guenther"]
[Result "1-0"]
[WhiteElo "2124"]
[BlackElo "1886"]
[PlyCount "75"]
[EventDate "2007.05.17"]
[EventType "swiss"]
[EventRounds "7"]
[EventCountry "GER"]
[SourceTitle "CBM 118 Extra"]
[Source "ChessBase"]
[SourceDate "2007.07.04"]
[SourceVersion "1"]
[SourceVersionDate "2007.07.04"]
[SourceQuality "1"]

1. d4 Nf6 2. Nf3 g6 3. c4 Bg7 4. g3 c5 5. Bg2 0-0 6. 0-0 cxd4 7. Nxd4 Nc6 8. Nc3 Qb6 9. Ndb5 a6 10. Be3 Qd8 11. Na3 Ng4 12. Bd2 d6 13. Rc1 Be6 14. b3 Re8 15. h3 Nf6 16. Kh2 h6 17. Be3 Nd7 18. Qd2 Kh7 19. Rfd1 Qa5 20. Na4 Qxd2 21. Rxd2 Nb4 22. Nb6 Nc5 23. Nb1 Red8 24. Nc3 Bf5 25. Ncd5 Nxd5 26. Rxd5 Be4 27. Rxc5 Bxg2 28. Rc7 Bc6 29. Rxe7 Kg8 30. Rd1 Bf8 31. Rc7 d5 32. cxd5 Bd6 33. Bf4 Bxf4 34. gxf4 Rd6 35. Rc8+ Rxc8 36. Nxc8 Rd7 37. dxc6 Rxd1 38. cxb7 1-0